| 000 | 00508nam a2200181 i 4500 | ||
|---|---|---|---|
| 001 | 8434 | ||
| 003 | ES-MaACL | ||
| 005 | 20230906145445.0 | ||
| 008 | 920617s1992 sp |||| | spa d | ||
| 020 | _a84-604-0927-9 | ||
| 080 | _a86-311.2"19" | ||
| 100 | 1 |
_aLas Santas, Adelaida. _970390 |
|
| 245 | 1 | 0 |
_aPoetas de café / _cAdelaida Las Santas. |
| 250 | _a2ª ed. | ||
| 260 |
_aMadrid : _bAguacantos, _c1992. |
||
| 300 |
_a382 p. ; _c18 cm. |
||
| 852 |
_aES-MaACL _jL-15753 _z. - Ded. autógrafa de la autora |
||
| 999 |
_c8434 _d8434 |
||